| 000 | 00339nam a2200133Ia 4500 | ||
|---|---|---|---|
| 008 | 220803s9999 xx 000 0 und d | ||
| 041 | _aeng | ||
| 082 | _aPLA | ||
| 100 |
_aPlaczek A K _911924 |
||
| 245 | _aMacmillian Encyclopedia Of Architects Vol.4 | ||
| 260 |
_aNew York _bFree Press |
||
| 500 | _aArchitecture | ||
| 650 |
_aStandard _911925 |
||
| 999 |
_c9696 _d9696 |
||